| 000 | 00000nam##2200000za#4500 |
| 001 | 9.601436 |
| 003 | CaOODSP |
| 005 | 20220623094113 |
| 007 | cr ||||||||||| |
| 008 | 150406|1995||||xxc|||||o f|0| 0 fre|d |
| 040 | |aCaOODSP|bfre |
| 043 | |an-cn--- |
| 086 | 1 |aC21-23/4F-PDF |
| 110 | 1 |aCanada. |bIndustrie Canada. |
| 245 | 10|aÉcarts hommes/femmes dans les programmes universitaires : |h[ressource électronique]|bdocument hors-série n° 4, mars 1995 / |cpar Sid Gilbert et Alan Pomfret. |
| 260 | |aOttawa - Ontario : |bIndustrie Canada |cMars 1995. |
| 300 | |a138p.|bgraphiques, tableaux |
| 490 | 1 |aDocument hors série|vN° 4 |
| 590 | |a11-09-Supp|b2011-06-30 |
| 720 | 1 |aGilbert, Sid |
| 720 | 1 |aPomfret, Alan |
| 775 | 08|tGender tracking in university programs : |w(CaOODSP)9.570790 |
| 776 | 0#|tGender tracking in university programs / |w(CaOODSP)9.525758 |
| 776 | 0#|tÉcarts hommes/femmes dans les programmes universitaires / |w(CaOODSP)9.525759 |
| 830 | #0|aDocument hors série (Canada. Industrie Canada)|vN° 4|w(CaOODSP)9.501162 |
| 856 | 40|ahttp://publications.gc.ca|qPDF|s885 Ko|uhttps://publications.gc.ca/collections/Collection/C21-23-4F.pdf|yN° 4 |